Gender violence / (Record no. 88499)

MARC details
000 -LEADER
fixed length control field 00603nam a22001937a 4500
005 - DATE AND TIME OF LATEST TRANSACTION
control field 20140915150028.0
010 ## - LCCN (DPL NO)
LC control number ENG-110812
020 ## - INTERNATIONAL STANDARD BOOK NUMBER
International Standard Book Number 9788171327577
Terms of availability 995.00
035 ## - SYSTEM CONTROL NUMBER
System control number EN-94344
037 ## - SOURCE OF ACQUISITION
Source of stock number/acquisition DBAD/PUB
082 ## - DEWEY DECIMAL CLASSIFICATION NUMBER
Classification number 362.880820954
245 ## - TITLE STATEMENT
Title Gender violence /
Statement of responsibility, etc edited by Astha Bhanot...[et al]
260 ## - PUBLICATION, DISTRIBUTION, ETC. (IMPRINT)
Place of publication, distribution, etc Jaipur
Name of publisher, distributor, etc Pointer Publishers
Date of publication, distribution, etc 2013
270 ## - ADDRESS
Address 807, Vyas Building, Chaura Rasta
City Jaipur
Postal code 302003
300 ## - PHYSICAL DESCRIPTION
Extent xi,259p.
Dimensions 22cm(Hb)
500 ## - GENERAL NOTE
General note Includes bibliographical references and index
700 ## - ADDED ENTRY--PERSONAL NAME
Personal name Bhanot, Astha
942 ## - ADDED ENTRY ELEMENTS (KOHA)
Source of classification or shelving scheme Dewey Decimal Classification
Item type English Books
Call number suffix GEN
Classification part 362.880820954
Holdings
Withdrawn status Lost status Not for loan Collection code Home library Current library Date acquired Source of acquisition Cost, normal purchase price Full call number Barcode Copy number Cost, replacement price Koha item type
    Not For Loan Non-fiction D.B.Act.Division D.B.Act.Division 10/09/2014 DBAD/PUB 995.00 362.880820954 GEN EN-94344 1 995.00 English Books

© Delhi Public Library
Hit Counter
free hit counter